Política y sociedad entre dos épocas
Furkejuvvon:
| Váldodahkki: | |
|---|---|
| Materiálatiipa: | Texto |
| Almmustuhtton: |
Buenos Aires:
Homo Sapiens Ediciones
|
| Fáttát: | |
| Fáddágilkorat: |
Lasit fáddágilkoriid
Eai fáddágilkorat, Lasit vuosttaš fáddágilkora!
|
MARC
| LEADER | 00000 a a2200000 04500 | ||
|---|---|---|---|
| 001 | 31145 | ||
| 003 | |||
| 040 | |||
| 020 | |a 950-808-292-5 | ||
| 090 | |a 197700 | ||
| 100 | |a Garretón, Miguel Antonio | ||
| 245 | |a Política y sociedad entre dos épocas | ||
| 260 | |a Buenos Aires: |b Homo Sapiens Ediciones | ||
| 300 | |a 147 p. | ||
| 650 | |a PARTIDOS POLITICOS | ||
| 650 | |a POLITICA | ||
| 650 | |a TEORIA | ||
| 650 | |a DEMOCRATIZACION | ||
| 650 | |a ESTADO | ||
| 650 | |a MODERNIZACION | ||
| 650 | |a MOVIMIENTOS SOCIALES | ||
| 999 | |c 15441 |d 15441 | ||



